Evénements du 17 juillet - Statistiques

Statistiques générales
  • Ce quiz a été pris 31 fois
  • Le résultat moyen est 11 sur 15
Statistiques - réponses
Hint Réponse % Correct
Exécution de Charlotte Corday 1793
92%
Bataille de Castillon, fin de la Guerre de 100 ans 1453
88%
Début de la bataille de Stalingrad 1942
88%
Damase II devient pape 1048
85%
La Marseillaise est interdite en zone occupée par les Allemands 1941
85%
Simone Veil devient président du parlement européen 1979
81%
Sacre de Charles VII de France 1429
77%
Mort du dessinateur Morris 2001
73%
Début de la conférence de Potsdam 1945
69%
1er rendez-vous dans l'espace entre Américains et Soviétiques 1975
69%
Martyre des Carmélites de Compiègne 1794
65%
Ouverture de Disneyland en Californie 1955
62%
La famille royale anglaise prend le nom de Windsor 1917
54%
Baudouin 1er devient roi des Belges 1951
54%
Naissance de l'acteur James Cagney 1899
46%
Aucun quiz correspondant
Distribution des résultats
% des personnes avec chaque résultat
Percentile par nombre de réponses
Votre historique - résultats
Vous n’avez pas pris ce quiz